| 000 | 00683nam a2200205 u 4500 | ||
|---|---|---|---|
| 005 | 20220822130133.0 | ||
| 008 | 090206s2007 r 000 0 eng d | ||
| 020 | _a9789870601074 | ||
| 035 | _aUPN01000168903 | ||
| 049 | _aCG | ||
| 050 | 4 |
_aPN2075 _bT4.2 2007 |
|
| 245 | 0 | 3 |
_aEl teatro en la escuela : _bestrategias de enseñanza / _cGraciela González de Díaz Araujo ... [et al.]. ; il. Mario Delhez. |
| 250 | _a2a ed. | ||
| 260 |
_aBuenos Aires : _bAique, _c2007. |
||
| 300 |
_a160 p. : _bil., cuadros |
||
| 440 | 0 | _aCarrera docente | |
| 650 | 7 |
_aActuación teatral _xEstudio y enseñanza _2 _910092 |
|
| 700 | 1 |
_aGonzález de Díaz Araujo, Graciela, _ecoaut. |
|
| 905 | _aLibro | ||
| 999 |
_c141009 _d141009 |
||